000 00687cam a22002413a 4500
001 31512
003 PGUSA
005 20140828083700.0
008 100305s2010||||xxu|||||s|||||000 | eng d
040 _aPGUSA
_beng
042 _adc
050 4 _aPS
100 1 _aSeltzer, Charles Alden,
_d1875-1942
245 1 4 _aThe Coming of the Law
_h[electronic resource] /
_cCharles Alden Seltzer
260 _bProject Gutenberg,
_c2010
506 _aPublic domain in the USA.
516 _aElectronic text
653 _aWestern stories
700 1 _aAmick, Robert Wesley,
_d1879-1969
830 0 _aProject Gutenberg
_v31512
856 4 0 _uhttp://www.gutenberg.org/ebooks/31512
942 _cEB
999 _c260767
_d260767